000 00467nam a2200169Ia 4500
999 _c15172
_d15172
003 OSt
005 20201104130932.0
008 190216s9999||||xx |||||||||||||| ||und||
040 _coclc
082 _a824
_bGUP/E
100 _aGuptha, S C
_96265
245 0 _a151 Essays /
_cS C Gupta
250 _a1st Ed.
260 _bArihant Publications (india ) Limited,
_c2006.
_aMeerut :
300 _a534p
942 _cBK
_2ddc
_h824
_iGUP/E
_k824
_mGUP/E